| 000 | 00754nam a2200193 a 4500 | ||
|---|---|---|---|
| 008 | 120222s2006 ||||||||||||||||| || u | ||
| 020 | _a140182711X | ||
| 050 | _aRG 951 Gre | ||
| 100 | _aGregory, Diann S | ||
| 245 | 1 | 0 |
_aMaternity and women's health _cby Diann S. Gregory |
| 260 |
_aClifton Park, NY: _bThomson Delmar Learning _c2006 |
||
| 300 | _axxii, 156p.: ill. | ||
| 350 | _a0.00 | ||
| 490 | _aThomson Delmar Learning's Case Study Series | ||
| 500 | _aBibliography | ||
| 650 | _aMATERNITY NURSING--CASE STUDIES | ||
| 650 | _aGYNECOLOGIC NURSING--CASE STUDIES | ||
| 995 |
_aMEDICAL LIBRARY OPEN ACCESS _e901589 _FCBU-SCHOOL OF MEDICINE LIBRARY (Ndola) _I0.00 _jRG 951 Gre _M1 _UAVAILABLE _WJun 26, 2012 _y901589 _ZMedical Library Open Access Collection |
||
| 999 |
_c31991 _d31991 |
||